|
|
|
|
| LEADER |
00000nab a2200000 a 4500 |
| 001 |
vtls000484927 |
| 003 |
SK-MaSNL |
| 005 |
20260426072054.0 |
| 008 |
230223c1992 xo 0 slo |
| 015 |
|
|
|a SNBRB19rr/mm-uuuuu
|
| 035 |
|
|
|a CL0485063
|
| 035 |
|
|
|a urn:nbn:sk:snk-abf21s
|
| 035 |
|
|
|a (urnnbn)urn:nbn:sk:snk:ar-005f5h
|
| 035 |
|
|
|a (uuid)ac9ffad6-8afe-4116-831e-5edf92f90c94
|
| 040 |
|
|
|a SNKBUCL
|b slo
|c SNKBUCL
|e AACR2
|
| 041 |
0 |
|
|a slo
|b ger
|
| 044 |
|
|
|a xo
|c SK
|
| 080 |
|
|
|a 943.76"16"
|2 1981
|
| 080 |
|
|
|a 930.85"16"
|2 1981
|
| 080 |
|
|
|a 101.9
|2 1981
|
| 080 |
|
|
|a 371.124
|2 1981
|
| 100 |
1 |
|
|a Hamada, Milan,
|d 1933-2023
|4 aut
|9 222212
|
| 245 |
1 |
0 |
|a "Veľká obnova" vzdelanosti a kultúry na Slovensku v druhej polovici 17. storočia
|c Milan Hamada
|
| 300 |
|
|
|b Res. nem.
|
| 504 |
|
|
|a Bibliogr. odkazy
|
| 600 |
1 |
7 |
|a Bayer, Ján,
|d 1630-1674
|2 SNKMA
|9 170961
|
| 651 |
|
7 |
|a Slovensko
|2 snkbucl
|9 14231
|
| 655 |
|
7 |
|a články z novín a časopisov
|2 snkbucl
|9 267496
|
| 773 |
0 |
|
|t Slovenská literatúra
|g Roč. 39, č. 2 (1992), s. 120-142
|
| 850 |
|
|
|a Slovenská národná knižnica v Martine
|a MTA001
|
| 852 |
|
|
|a SNK
|b KIS3GCP
|
| 954 |
|
|
|a odborná, vedecká literatúra pôvodná (slovenská)
|2 lita
|
| 958 |
|
|
|a NB
|
| 958 |
|
|
|a RK
|
| 958 |
|
|
|a OND
|
| 958 |
|
|
|a EUIPO
|
| 958 |
|
|
|a article27
|
| 992 |
|
|
|a RBX
|
| 999 |
|
|
|c 2684903
|d 2686833
|